[Event "Aragon-chT Preferente Gr II"]
[Site "Aragon"]
[Date "2018.03.03"]
[Round "6.69"]
[White "Martinez Cebolla, Alberto"]
[Black "Oms Pallisse, Josep"]
[Result "0-1"]
[WhiteElo "2087"]
[BlackElo "2431"]
[PlyCount "60"]
[EventDate "2018.01.27"]
[EventType "team-tourn"]
[EventRounds "9"]
[EventCountry "ESP"]
[SourceTitle "EXT 2019"]
[Source "ChessBase"]
[SourceDate "2018.10.10"]
[SourceVersion "1"]
[SourceVersionDate "2018.10.10"]
[SourceQuality "1"]
[WhiteTeam "IberCaja II"]
[BlackTeam "Monzon"]
[WhiteTeamCountry "ESP"]
[BlackTeamCountry "ESP"]

1. e4 c5 2. Nf3 Nc6 3. Bb5 g6 4. c3 Nf6 5. e5 Nd5 6. 0-0 Bg7 7. Re1 0-0 8. d4 cxd4 9. cxd4 d6 10. h3 Nc7 11. Bxc6 bxc6 12. Qe2 Ne6 13. Nc3 Bb7 14. Ne4 c5 15. exd6 exd6 16. dxc5 dxc5 17. Bg5 Nxg5 18. Nexg5 Qd5 19. Qd2 Rfe8 20. Rad1 Qxd2 21. Nxd2 Bxb2 22. Rxe8+ Rxe8 23. Rb1 Bc3 24. Rxb7 Bxd2 25. Nxf7 c4 26. g3 Rc8 27. f4 c3 28. Nh6+ Kf8 29. Rxh7 Rc6 30. Rf7+ Ke8 0-1

[Event "Aragon-chT Preferente Gr II"]
[Site "Aragon"]
[Date "2018.02.24"]
[Round "5.57"]
[White "Oms Pallisse, Josep"]
[Black "Veras Sanz, Marino"]
[Result "1-0"]
[WhiteElo "2431"]
[BlackElo "2090"]
[PlyCount "89"]
[EventDate "2018.01.27"]
[EventType "team-tourn"]
[EventRounds "9"]
[EventCountry "ESP"]
[SourceTitle "EXT 2019"]
[Source "ChessBase"]
[SourceDate "2018.10.10"]
[SourceVersion "1"]
[SourceVersionDate "2018.10.10"]
[SourceQuality "1"]
[WhiteTeam "Monzon"]
[BlackTeam "El Olivar II"]
[WhiteTeamCountry "ESP"]
[BlackTeamCountry "ESP"]

1. Nf3 d6 2. d4 g6 3. e4 Bg7 4. c4 Nd7 5. Nc3 Ngf6 6. Be2 e5 7. 0-0 0-0 8. Qc2 exd4 9. Nxd4 Re8 10. Rd1 Qe7 11. f3 c6 12. Bg5 h6 13. Bh4 Ne5 14. b4 Nd3 15. Bf2 Nf4 16. Bf1 d5 17. exd5 cxd5 18. c5 Ne6 19. Ncb5 Nxd4 20. Bxd4 Rd8 21. Re1 Be6 22. Qb2 Ne8 23. Bxg7 Nxg7 24. Qe5 Ne8 25. Nd4 Nc7 26. b5 a6 27. b6 Nb5 28. Nxe6 fxe6 29. Qxe6+ Qxe6 30. Rxe6 Kf7 31. Rae1 Rd7 32. Bd3 Re8 33. Bxg6+ Kg7 34. Bxe8 Rd8 35. Re7+ Kf8 36. Bxb5 axb5 37. Rxb7 Rc8 38. Ree7 Rxc5 39. Rh7 Rc1+ 40. Kf2 Rc2+ 41. Kg3 Kg8 42. Rbg7+ Kf8 43. Rh8+ Kxg7 44. Rd8 Rxa2 45. b7 1-0

[Event "Aragon-chT Preferente Gr II"]
[Site "Aragon"]
[Date "2018.02.10"]
[Round "3.61"]
[White "Oms Pallisse, Josep"]
[Black "Planas Torrea, Francisco Javier"]
[Result "1-0"]
[WhiteElo "2431"]
[BlackElo "2029"]
[PlyCount "97"]
[EventDate "2018.01.27"]
[EventType "team-tourn"]
[EventRounds "9"]
[EventCountry "ESP"]
[SourceTitle "EXT 2019"]
[Source "ChessBase"]
[SourceDate "2018.10.10"]
[SourceVersion "1"]
[SourceVersionDate "2018.10.10"]
[SourceQuality "1"]
[WhiteTeam "Monzon"]
[BlackTeam "Ejea"]
[WhiteTeamCountry "ESP"]
[BlackTeamCountry "ESP"]

1. e4 e5 2. Nf3 Nc6 3. Bb5 Nf6 4. d3 d6 5. c3 Be7 6. 0-0 0-0 7. Re1 a6 8. Ba4 b5 9. Bb3 Na5 10. Bc2 c5 11. Nbd2 Nc6 12. Nf1 Re8 13. Bg5 Ng4 14. Bxe7 Qxe7 15. h3 Nf6 16. Ne3 Bd7 17. a4 g6 18. Qd2 Kg7 19. Nd5 Nxd5 20. exd5 Na5 21. axb5 axb5 22. b4 cxb4 23. cxb4 Nb7 24. Rxa8 Rxa8 25. d4 f6 26. Qc3 Rc8 27. Qb2 Be8 28. dxe5 dxe5 29. Nd4 Nd6 30. Ne6+ Kh8 31. Bb3 Nc4 32. Bxc4 Rxc4 33. Ra1 Rxb4 34. Ra7 Qxa7 35. Qxb4 Qf7 36. Qd6 h5 37. h4 Kh7 38. Nc7 Kg7 39. Qc5 Bd7 40. Nxb5 Bxb5 41. Qxb5 Qc7 42. Qc6 Qa5 43. Qd7+ Kf8 44. Qd6+ Kf7 45. Qe6+ Kg7 46. Qe7+ Kg8 47. Qxf6 Qe1+ 48. Kh2 Qe4 49. d6 1-0

[Event "Monzon Cup"]
[Site "Monzon"]
[Date "2018.01.21"]
[Round "2"]
[White "Oms Pallisse, Josep"]
[Black "Ramiro Ovejero, Juan Luis"]
[Result "1/2-1/2"]
[WhiteElo "2431"]
[BlackElo "2316"]
[PlyCount "106"]
[EventDate "2018.01.21"]
[EventType "team-k.o."]
[EventRounds "3"]
[EventCountry "ESP"]
[SourceTitle "EXT 2019"]
[Source "ChessBase"]
[SourceDate "2018.10.10"]
[SourceVersion "1"]
[SourceVersionDate "2018.10.10"]
[SourceQuality "1"]
[WhiteTeam "Monzon"]
[BlackTeam "Jaime Casas"]
[WhiteTeamCountry "ESP"]
[BlackTeamCountry "ESP"]

1. d4 d6 2. Nf3 Nf6 3. c4 g6 4. Nc3 Nbd7 5. e4 e5 6. Be2 Bg7 7. 0-0 0-0 8. Qc2 Qe7 9. Rd1 c6 10. d5 c5 11. Bg5 h6 12. Bd2 Nh5 13. g3 Ndf6 14. Nh4 Bh3 15. Re1 Ng4 16. f3 Ngf6 17. Nd1 Kh7 18. Nf2 Bd7 19. Ng2 Ng8 20. a3 f5 21. exf5 Bxf5 22. Bd3 Bxd3 23. Qxd3 Qf7 24. Ne4 Rad8 25. Rf1 Nhf6 26. b4 Nxe4 27. fxe4 Qc7 28. bxc5 Qxc5+ 29. Be3 Qc7 30. a4 Rc8 31. Rfc1 b6 32. a5 Nf6 33. axb6 axb6 34. Rab1 Rb8 35. Rb5 Ng4 36. Qe2 h5 37. Rcb1 Nxe3 38. Nxe3 Bh6 39. Nc2 Rf7 40. Nb4 Rbf8 41. Nc6 Rf3 42. R5b3 Rxb3 43. Rxb3 Qb7 44. Rf3 Qa6 45. Rxf8 Bxf8 46. Nd8 Qa1+ 47. Kg2 Qc1 48. Qf3 Bg7 49. Nf7 Qxc4 50. Nxd6 Qc7 51. Nf7 Qc2+ 52. Kh3 Qc8+ 53. g4 Qg8 1/2-1/2

[Event "Estadilla op 31st rapid"]
[Site "Estadilla"]
[Date "2017.05.21"]
[Round "2"]
[White "Oms Pallisse, Josep"]
[Black "Felez Casedas, Carlos"]
[Result "1-0"]
[WhiteElo "2431"]
[BlackElo "1991"]
[PlyCount "27"]
[EventDate "2017.05.21"]
[EventType "swiss (rapid)"]
[EventRounds "9"]
[EventCountry "ESP"]
[SourceTitle "EXT 2019"]
[Source "ChessBase"]
[SourceDate "2018.10.10"]
[SourceVersion "1"]
[SourceVersionDate "2018.10.10"]
[SourceQuality "1"]

1. e4 e5 2. Nf3 Nf6 3. Nc3 Nc6 4. Bb5 d6 5. d4 exd4 6. Nxd4 Bd7 7. Bxc6 bxc6 8. Qf3 Be7 9. e5 Nd5 10. Nxd5 cxd5 11. Qxd5 dxe5 12. Nc6 Bxc6 13. Qxc6+ Kf8 14. Be3 1-0

[Event "Estadilla op 31st rapid"]
[Site "Estadilla"]
[Date "2017.05.21"]
[Round "5"]
[White "Oms Pallisse, Josep"]
[Black "Lana Rodriguez, David"]
[Result "1-0"]
[WhiteElo "2431"]
[BlackElo "2261"]
[PlyCount "55"]
[EventDate "2017.05.21"]
[EventType "swiss (rapid)"]
[EventRounds "9"]
[EventCountry "ESP"]
[SourceTitle "EXT 2019"]
[Source "ChessBase"]
[SourceDate "2018.10.10"]
[SourceVersion "1"]
[SourceVersionDate "2018.10.10"]
[SourceQuality "1"]

1. c4 e5 2. Nc3 Nc6 3. Nf3 Nf6 4. e3 d5 5. cxd5 Nxd5 6. Bb5 Nxc3 7. bxc3 Bd7 8. d4 exd4 9. cxd4 Bd6 10. 0-0 0-0 11. Bb2 Re8 12. Bd3 Bg4 13. h3 Bh5 14. Be2 Bg6 15. Nd2 Nb4 16. Nc4 c6 17. a3 Nd5 18. Ne5 Be4 19. Bf3 Bxf3 20. Qxf3 Bxe5 21. dxe5 Nb6 22. Qg4 Qd7 23. Qh4 Qe7 24. Qg4 Qe6 25. Rac1 Rad8 26. Bd4 Nc4 27. Qxe6 Rxe6 28. Rxc4 1-0

[Event "Balaguer rapid op 24th"]
[Site "Balaguer"]
[Date "2016.09.18"]
[Round "8"]
[White "Ribera Baztan, Jose"]
[Black "Oms Pallisse, Josep"]
[Result "0-1"]
[WhiteElo "2064"]
[BlackElo "2429"]
[PlyCount "62"]
[EventDate "2016.09.18"]
[EventType "swiss (rapid)"]
[EventRounds "9"]
[EventCountry "ESP"]
[SourceTitle "CBM 174 Extra"]
[Source "ChessBase"]
[SourceDate "2016.10.10"]
[SourceVersion "1"]
[SourceVersionDate "2016.10.10"]
[SourceQuality "1"]

1. d4 d6 2. c4 Nf6 3. Nf3 c6 4. Nc3 Bf5 5. e3 h6 6. Be2 e6 7. 0-0 Nbd7 8. b4 d5 9. c5 Be7 10. Bb2 0-0 11. Bd3 Re8 12. Ne5 Bxd3 13. Nxd3 Qc8 14. f4 b6 15. Rc1 a5 16. a3 Qb7 17. Qf3 Nf8 18. Ne5 axb4 19. axb4 bxc5 20. dxc5 Qxb4 21. Ba1 Rxa1 22. Rxa1 Qxc3 23. Rfc1 Qb2 24. Rab1 Qa3 25. Ra1 Qb2 26. Rab1 Qd2 27. Nxc6 Ne4 28. Nxe7+ Rxe7 29. h3 Rc7 30. c6 Nc3 31. Rb7 Qxc1+ 0-1

[Event "Capablanca Memorial op 51st"]
[Site "Varadero"]
[Date "2016.06.10"]
[Round "2"]
[White "Oms Pallisse, Josep"]
[Black "Campos Jimenez, Augusto Cesar"]
[Result "0-1"]
[WhiteElo "2437"]
[BlackElo "2337"]
[PlyCount "88"]
[EventDate "2016.06.09"]
[EventType "swiss"]
[EventRounds "10"]
[EventCountry "CUB"]
[SourceTitle "EXT 2017"]
[Source "ChessBase"]
[SourceDate "2016.10.25"]
[SourceVersion "1"]
[SourceVersionDate "2016.10.25"]
[SourceQuality "1"]

1. d4 Nf6 2. Nf3 g6 3. Bg5 Bg7 4. Nbd2 0-0 5. c3 d6 6. e3 Nbd7 7. Be2 e5 8. 0-0 h6 9. Bh4 Qe8 10. h3 Nb6 11. Qc2 Bd7 12. Rfe1 g5 13. Bg3 e4 14. Nh2 h5 15. h4 g4 16. c4 Qe7 17. Nb1 Rfe8 18. Nc3 a5 19. a4 Nh7 20. Rad1 Nf8 21. Nb5 Bxb5 22. axb5 Ng6 23. c5 Nd5 24. Qb3 Nb4 25. b6 cxb6 26. cxd6 Qd7 27. Rc1 Rac8 28. Bc4 Nh8 29. Bd5 Bf8 30. Rxc8 Qxc8 31. Nf1 Qd8 32. Be5 Bxd6 33. Rd1 Nxd5 34. Qxd5 Bxe5 35. dxe5 Qxd5 36. Rxd5 Ng6 37. e6 Rxe6 38. Rxh5 Re5 39. Ng3 Rxh5 40. Nxh5 f5 41. Nf6+ Kf7 42. Nd7 b5 43. h5 Nf8 44. Nc5 b6 0-1

[Event "ESP-ch rapid"]
[Site "Linares"]
[Date "2015.08.22"]
[Round "8"]
[White "Oms Pallisse, Josep"]
[Black "Pardo Simon, David"]
[Result "1/2-1/2"]
[WhiteElo "2444"]
[BlackElo "2468"]
[PlyCount "138"]
[EventDate "2015.08.22"]
[EventType "swiss (rapid)"]
[EventRounds "9"]
[EventCountry "ESP"]
[SourceTitle "EXT 2016"]
[Source "ChessBase"]
[SourceDate "2015.10.08"]
[SourceVersion "1"]
[SourceVersionDate "2015.10.08"]
[SourceQuality "1"]

1. d4 d6 2. Nf3 g6 3. c4 Bg7 4. Nc3 Nc6 5. d5 Ne5 6. Nxe5 Bxe5 7. e4 Nf6 8. Bd3 c5 9. Ne2 Nd7 10. 0-0 Bg7 11. f4 0-0 12. Qc2 e6 13. Kh1 Qe7 14. Bd2 exd5 15. cxd5 b5 16. b3 Ba6 17. Rac1 c4 18. bxc4 bxc4 19. Bxc4 Rac8 20. Qd3 Rxc4 21. Rxc4 Nb6 22. Rc7 Bxd3 23. Rxe7 Bxe2 24. Re1 Bd3 25. Bb4 Bf6 26. Rxa7 Re8 27. e5 dxe5 28. fxe5 Bxe5 29. Bc3 f6 30. Bxe5 fxe5 31. d6 Bf5 32. Re7 Rd8 33. R1xe5 Rxd6 34. h3 Rd8 35. Ra7 h5 36. a4 Nd7 37. Rd5 Kf7 38. a5 Ke6 39. Rd2 Be4 40. Kh2 h4 41. a6 g5 42. Rc7 Ba8 43. a7 Ke7 44. Rc3 Kf7 45. Re3 Bc6 46. Rf2+ Kg8 47. Rd3 Ra8 48. Rd6 Ba4 49. Rg6+ Kh7 50. Rxg5 Rxa7 51. Rf4 Kh6 52. Rg8 Kh7 53. Rgg4 Bc2 54. Rxh4+ Kg7 55. Rhg4+ Bg6 56. Rg5 Nf6 57. Rb5 Rf7 58. Rb6 Rf8 59. g4 Bd3 60. Rc6 Be2 61. g5 Ng4+ 62. Rxg4 Bxg4 63. hxg4 Ra8 64. Kg3 Ra5 65. Kh4 Ra1 66. Rc7+ Kg6 67. Rc6+ Kg7 68. g6 Ra5 69. g5 Ra1 1/2-1/2

[Event "Capablanca Memorial op 50th"]
[Site "Havana"]
[Date "2015.06.17"]
[Round "3"]
[White "Oms Pallisse, Josep"]
[Black "Ochoa de la Rosa, Manuel Dario"]
[Result "1/2-1/2"]
[WhiteElo "2446"]
[BlackElo "2314"]
[PlyCount "75"]
[EventDate "2015.06.15"]
[EventType "swiss"]
[EventRounds "10"]
[EventCountry "CUB"]
[SourceTitle "EXT 2016"]
[Source "ChessBase"]
[SourceDate "2015.10.08"]
[SourceVersion "1"]
[SourceVersionDate "2015.10.08"]
[SourceQuality "1"]

1. d4 Nf6 2. c4 e6 3. Nf3 d5 4. Nc3 Be7 5. Bg5 h6 6. Bh4 0-0 7. e3 Nbd7 8. Rc1 c5 9. cxd5 Nxd5 10. Bxe7 Nxe7 11. Bd3 cxd4 12. exd4 Nf6 13. 0-0 b6 14. Ne4 Nfd5 15. Bb1 Bb7 16. Ne5 Nf5 17. Ng3 Nf4 18. Bxf5 exf5 19. f3 Qg5 20. Rc7 Bd5 21. a3 h5 22. Nd3 Ne6 23. Rc3 h4 24. Ne2 Rad8 25. Nf2 Rd7 26. Nh3 Qh6 27. Qd3 Qf6 28. Qe3 Rfd8 29. Nhf4 Nxf4 30. Nxf4 Bb7 31. Rd1 g5 32. Ne2 Ba6 33. Rc2 h3 34. gxh3 f4 35. Qf2 Bxe2 36. Rxe2 Rxd4 37. Red2 Rxd2 38. Rxd2 1/2-1/2

[Event "Catalunya-chT"]
[Site "Catalunya"]
[Date "2014.02.22"]
[Round "5.4"]
[White "Rodriguez Cespedes, Amador"]
[Black "Oms Pallisse, Josep"]
[Result "1/2-1/2"]
[WhiteElo "2424"]
[BlackElo "2453"]
[PlyCount "86"]
[EventDate "2014.01.25"]
[EventType "team"]
[EventRounds "11"]
[EventCountry "ESP"]
[SourceTitle "EXT 2015"]
[Source "ChessBase"]
[SourceDate "2014.11.20"]
[SourceVersion "1"]
[SourceVersionDate "2014.11.20"]
[SourceQuality "1"]
[WhiteTeam "Badalona Sant Josep"]
[BlackTeam "Colon Sabadell"]
[WhiteTeamCountry "ESP"]
[BlackTeamCountry "ESP"]

1. e4 c5 2. Nf3 e6 3. d4 cxd4 4. Nxd4 Nc6 5. Nb5 d6 6. c4 Nf6 7. N5c3 Be7 8. Be2 0-0 9. 0-0 b6 10. Bf4 Bb7 11. Re1 Ne5 12. Nd2 Qc7 13. Bg3 a6 14. Rc1 Rac8 15. a3 Rfe8 16. b4 Qb8 17. f4 Ng6 18. Rf1 Bf8 19. Bd3 Bc6 20. Qe2 Qa8 21. e5 Nd7 22. Nf3 Be7 23. Ne4 d5 24. cxd5 Bxd5 25. Nc3 Bb7 26. Rfd1 Ngf8 27. Ne4 Rxc1 28. Rxc1 Rc8 29. Rxc8 Qxc8 30. Qc2 Qd8 31. Neg5 g6 32. Be4 Bxe4 33. Nxe4 f5 34. exf6 Nxf6 35. Nxf6+ Bxf6 36. h3 Qd7 37. a4 b5 38. axb5 Qxb5 39. Qc8 Qxb4 40. Qxa6 Qe4 41. Qc8 Be7 42. Ne5 Bf6 43. Nf3 Qd5 1/2-1/2

[Event "Zaragoza Casablanca op 7th"]
[Site "Zaragoza"]
[Date "2013.12.28"]
[Round "5"]
[White "Oms Pallisse, Josep"]
[Black "Suarez Gomez, Julio"]
[Result "1-0"]
[WhiteElo "2453"]
[BlackElo "2128"]
[PlyCount "61"]
[EventDate "2013.12.26"]
[EventType "swiss"]
[EventRounds "9"]
[EventCountry "ESP"]
[SourceTitle "EXT 2015"]
[Source "ChessBase"]
[SourceDate "2014.11.20"]
[SourceVersion "1"]
[SourceVersionDate "2014.11.20"]
[SourceQuality "1"]

1. c4 e6 2. Nc3 d5 3. d4 Nf6 4. cxd5 exd5 5. Bg5 c6 6. Qc2 Be7 7. e3 Nbd7 8. Bd3 0-0 9. Nge2 Re8 10. 0-0 Nf8 11. Rab1 Be6 12. b4 N6d7 13. Bxe7 Qxe7 14. Nf4 Qd6 15. Rfc1 Rac8 16. Na4 g6 17. h3 f5 18. Nc5 Nxc5 19. Qxc5 Qb8 20. b5 b6 21. Qa3 cxb5 22. Bxb5 Red8 23. Rxc8 Bxc8 24. Qe7 Qd6 25. Qxa7 g5 26. Nh5 Qg6 27. Qe7 Rd6 28. Rc1 Re6 29. Qd8 Qxh5 30. Rxc8 Qh6 31. Qxd5 1-0

[Event "Zaragoza Casablanca op 7th"]
[Site "Zaragoza"]
[Date "2013.12.27"]
[Round "2"]
[White "Esteban Romo, Francisco J"]
[Black "Oms Pallisse, Josep"]
[Result "0-1"]
[WhiteElo "2055"]
[BlackElo "2453"]
[PlyCount "66"]
[EventDate "2013.12.26"]
[EventType "swiss"]
[EventRounds "9"]
[EventCountry "ESP"]
[SourceTitle "EXT 2015"]
[Source "ChessBase"]
[SourceDate "2014.11.20"]
[SourceVersion "1"]
[SourceVersionDate "2014.11.20"]
[SourceQuality "1"]

1. d4 Nf6 2. Bg5 d5 3. Bxf6 exf6 4. e3 c6 5. g3 Bd6 6. Bg2 f5 7. Ne2 Nd7 8. Nd2 Nf6 9. c4 dxc4 10. 0-0 0-0 11. Nxc4 Bc7 12. Nc3 Be6 13. b3 Qe7 14. Qc2 Rad8 15. Rfd1 h5 16. e4 fxe4 17. Nxe4 Bf5 18. Nxf6+ Qxf6 19. Qb2 Bg4 20. Rd2 Bf3 21. Re1 Rfe8 22. Ne5 Bxg2 23. Kxg2 c5 24. Nf3 Rxe1 25. Nxe1 Ba5 26. Rd1 Bxe1 27. Rxe1 Qc6+ 28. Kg1 cxd4 29. Rc1 Qd5 30. Rd1 d3 31. Qc3 Qf3 32. Rd2 h4 33. Qc7 Re8 0-1

[Event "Zaragoza Casablanca op 7th"]
[Site "Zaragoza"]
[Date "2013.12.27"]
[Round "3"]
[White "Oms Pallisse, Josep"]
[Black "Banos, Oscar Francisco"]
[Result "1/2-1/2"]
[WhiteElo "2453"]
[BlackElo "2207"]
[PlyCount "120"]
[EventDate "2013.12.26"]
[EventType "swiss"]
[EventRounds "9"]
[EventCountry "ESP"]
[SourceTitle "EXT 2015"]
[Source "ChessBase"]
[SourceDate "2014.11.20"]
[SourceVersion "1"]
[SourceVersionDate "2014.11.20"]
[SourceQuality "1"]

1. c4 g6 2. d4 d6 3. e4 Bg7 4. Nc3 a6 5. Be3 c6 6. Nf3 b5 7. a3 Nf6 8. h3 0-0 9. Be2 Nbd7 10. 0-0 bxc4 11. Bxc4 d5 12. Bd3 dxe4 13. Nxe4 Nd5 14. Bd2 Qb6 15. Qc2 a5 16. Rab1 Ba6 17. Bxa6 Qxa6 18. Rfc1 Rfc8 19. Nc5 Qa7 20. Nxd7 Qxd7 21. Qc5 a4 22. Ne5 Bxe5 23. dxe5 Qf5 24. Qd4 e6 25. b4 axb3 26. Rxb3 c5 27. Rxc5 Rxc5 28. Qxc5 Qxe5 29. Qc6 Rd8 30. Qc1 Qe2 31. Bh6 Ne7 32. Rb1 Rc8 33. Qb2 Qxb2 34. Rxb2 f6 35. Rb7 Nd5 36. Rg7+ Kh8 37. Ra7 Kg8 38. a4 g5 39. h4 gxh4 40. a5 Rc7 41. Rxc7 Nxc7 42. Kf1 Kf7 43. Ke2 e5 44. Kd3 Ke6 45. Kc4 Kd6 46. Bg7 Ne8 47. Bf8+ Kc6 48. Be7 Kd7 49. Bc5 Kc6 50. a6 Nc7 51. a7 Kb7 52. Be3 Ne6 53. Kd5 Ng5 54. f3 h3 55. gxh3 Nxf3 56. Ke6 Ng5+ 57. Bxg5 fxg5 58. Kxe5 h5 59. Kf5 g4 60. hxg4 hxg4 1/2-1/2

[Event "ESP-chT CECLUB Honor"]
[Site "Linares"]
[Date "2013.09.12"]
[Round "5.2"]
[White "Oms Pallisse, Josep"]
[Black "Del Rio de Angelis, Salvador Gabriel"]
[Result "1/2-1/2"]
[WhiteElo "2475"]
[BlackElo "2499"]
[PlyCount "63"]
[EventDate "2013.09.08"]
[EventType "team-tourn"]
[EventRounds "7"]
[EventCountry "ESP"]
[SourceTitle "CBM 156 Extra"]
[Source "ChessBase"]
[SourceDate "2013.10.22"]
[SourceVersion "1"]
[SourceVersionDate "2013.10.22"]
[SourceQuality "1"]
[WhiteTeam "Colon Sabadell"]
[BlackTeam "Sestao"]
[WhiteTeamCountry "ESP"]
[BlackTeamCountry "ESP"]

1. d4 e6 2. c4 Nf6 3. Nf3 d5 4. Nc3 dxc4 5. e3 a6 6. Bxc4 b5 7. Bb3 Bb7 8. 0-0 Nbd7 9. Qe2 c5 10. Rd1 Qb8 11. d5 exd5 12. Nxd5 Nxd5 13. Bxd5 Bxd5 14. Rxd5 Be7 15. e4 Nb6 16. Rd1 0-0 17. g3 Qc8 18. Bg5 Qe6 19. Bxe7 Qxe7 20. Qc2 Rfe8 21. e5 h6 22. b3 Rad8 23. Rac1 c4 24. Qe4 Qe6 25. Qe3 Rd5 26. Rxd5 Nxd5 27. Qd4 cxb3 28. axb3 Ne7 29. Qe3 Nd5 30. Qd4 Ne7 31. Qe3 Nd5 32. Qd4 1/2-1/2

[Event "Barcelona Casino"]
[Site "Barcelona"]
[Date "2012.10.27"]
[Round "5"]
[White "Quesada Perez, Yuniesky"]
[Black "Oms Pallisse, Josep"]
[Result "1/2-1/2"]
[WhiteElo "2604"]
[BlackElo "2506"]
[PlyCount "87"]
[EventDate "2012.10.23"]
[EventType "tourn"]
[EventRounds "9"]
[EventCountry "ESP"]
[EventCategory "14"]
[SourceTitle "CBM 151"]
[Source "ChessBase"]
[SourceDate "2012.11.13"]
[SourceVersion "1"]
[SourceVersionDate "2012.11.13"]
[SourceQuality "1"]

1. e4 e6 2. d4 d5 3. Nc3 Nf6 4. e5 Nfd7 5. f4 c5 6. Nf3 Nc6 7. Be3 cxd4 8. Nxd4 Qb6 9. Qd2 Qxb2 10. Rb1 Qa3 11. Bb5 Nxd4 12. Bxd4 a6 13. Bxd7+ Bxd7 14. Rb3 Qe7 15. Rxb7 Qh4+ 16. Bf2 Qd8 17. Bb6 Qc8 18. Rc7 Qd8 19. Qd4 Rb8 20. 0-0 Rc8 21. Rxc8 Qxc8 22. f5 Qc6 23. fxe6 Bxe6 24. Ne4 Be7 25. Nd6+ Bxd6 26. exd6 0-0 27. Qc5 Rc8 28. Re1 Qa4 29. Bc7 Re8 30. c3 h6 31. h3 Bc8 32. Re7 Rxe7 33. dxe7 Qd7 34. Qe3 Qe8 35. Qe5 Bd7 36. Bb6 Bc6 37. Bd4 f6 38. Qe6+ Kh7 39. a3 Bd7 40. Qd6 Bc6 41. Qe6 Bd7 42. Qd6 Bc6 43. Kf2 Qd7 44. Qxd7 1/2-1/2

[Event "Barcelona Casino"]
[Site "Barcelona"]
[Date "2012.10.24"]
[Round "2"]
[White "Oms Pallisse, Josep"]
[Black "Nielsen, Peter Heine"]
[Result "1/2-1/2"]
[WhiteElo "2506"]
[BlackElo "2662"]
[PlyCount "93"]
[EventDate "2012.10.23"]
[EventType "tourn"]
[EventRounds "9"]
[EventCountry "ESP"]
[EventCategory "14"]
[SourceTitle "CBM 151"]
[Source "ChessBase"]
[SourceDate "2012.11.13"]
[SourceVersion "1"]
[SourceVersionDate "2012.11.13"]
[SourceQuality "1"]

1. d4 Nf6 2. c4 g6 3. Nc3 d5 4. Nf3 Bg7 5. Qb3 dxc4 6. Qxc4 0-0 7. e4 Be6 8. Qa4 c5 9. d5 Bd7 10. Qb3 e6 11. dxe6 Bxe6 12. Bc4 Re8 13. 0-0 Nc6 14. Bxe6 Rxe6 15. Bg5 Qb6 16. Qc4 Qb4 17. Qxb4 Nxb4 18. Nd2 Nd3 19. Rab1 h6 20. Bxf6 Bxf6 21. Nd5 Rd8 22. Nxf6+ Rxf6 23. f3 Nb4 24. Nc4 Nxa2 25. Ra1 Ra6 26. Rfd1 Rd4 27. Rxd4 cxd4 28. Rd1 b5 29. Ne5 Re6 30. Nd3 a5 31. Ra1 Nb4 32. Nxb4 axb4 33. Rd1 Rc6 34. Rxd4 Rc1+ 35. Kf2 Rc2+ 36. Kg3 Rxb2 37. Rd5 b3 38. Rxb5 Kf8 39. Rb7 Rb1 40. h4 Ke8 41. Kf4 Kf8 42. e5 b2 43. h5 g5+ 44. Kf5 Kg7 45. Rb4 Rh1 46. Rxb2 Rxh5 47. Rb7 1/2-1/2

[Event "Sabadell op-A 5th"]
[Site "Sabadell"]
[Date "2012.09.05"]
[Round "7"]
[White "Oms Pallisse, Josep"]
[Black "Vidarte Morales, Arturo"]
[Result "1-0"]
[WhiteElo "2461"]
[BlackElo "2353"]
[PlyCount "109"]
[EventDate "2012.08.30"]
[EventType "swiss"]
[EventRounds "9"]
[EventCountry "ESP"]
[SourceTitle "CBM 150 Extra"]
[Source "ChessBase"]
[SourceDate "2012.10.19"]
[SourceVersion "1"]
[SourceVersionDate "2012.10.19"]
[SourceQuality "1"]

1. Nf3 Nf6 2. c4 e6 3. g3 d5 4. Bg2 c5 5. cxd5 exd5 6. d4 Nc6 7. 0-0 Be7 8. Nc3 0-0 9. Bg5 cxd4 10. Nxd4 h6 11. Bf4 Bg4 12. h3 Be6 13. Nxe6 fxe6 14. e4 d4 15. e5 dxc3 16. exf6 Bxf6 17. bxc3 Qxd1 18. Rfxd1 Bxc3 19. Rac1 Bf6 20. Bxc6 bxc6 21. Rxc6 e5 22. Be3 a5 23. Kg2 a4 24. Rd2 Rfc8 25. Rdc2 Rxc6 26. Rxc6 Kf7 27. Kf3 Rb8 28. Rc4 a3 29. Bc1 Ra8 30. Ke4 Ra5 31. h4 Ke6 32. Rc6+ Kf7 33. h5 Be7 34. Bd2 Rb5 35. Bc3 Bf6 36. Ra6 Rc5 37. Rxa3 Ke6 38. f3 Rc4+ 39. Kd3 Rc5 40. Ra4 Rc6 41. Rc4 Ra6 42. a4 Kd5 43. Re4 Ra7 44. a5 Ra6 45. Re1 Kd6 46. Bb4+ Kd5 47. Rc1 Bg5 48. Rc5+ Ke6 49. Ke4 Bf6 50. Rb5 Ra8 51. Rb6+ Kd7 52. Kd5 Ra7 53. a6 Kc8 54. Bd6 Ra8 55. Ke6 1-0

[Event "Barcelona Sants op 14th"]
[Site "Barcelona"]
[Date "2012.08.25"]
[Round "9"]
[White "Oms Pallisse, Josep"]
[Black "Panesso Rivera, Henry"]
[Result "1-0"]
[WhiteElo "2461"]
[BlackElo "2339"]
[PlyCount "133"]
[EventDate "2012.08.17"]
[EventType "swiss"]
[EventRounds "10"]
[EventCountry "ESP"]
[SourceTitle "CBM 150 Extra"]
[Source "ChessBase"]
[SourceDate "2012.10.19"]
[SourceVersion "1"]
[SourceVersionDate "2012.10.19"]
[SourceQuality "1"]

1. Nf3 Nf6 2. c4 g6 3. Nc3 Bg7 4. e4 d6 5. d4 0-0 6. Be2 e5 7. 0-0 Na6 8. Be3 c6 9. Re1 Bg4 10. h3 Bxf3 11. Bxf3 Qe7 12. Qd2 exd4 13. Bxd4 Nd7 14. Bxg7 Kxg7 15. Rad1 Nb6 16. Be2 Rad8 17. Bf1 Qe5 18. a3 Nc7 19. b4 Ne6 20. Nd5 c5 21. Qc1 g5 22. Ne3 Kh8 23. Nf5 Rg8 24. Qb1 Ng7 25. Nh6 Rgf8 26. Ng4 Qe7 27. Qd3 h5 28. Ne3 Rfe8 29. Nf5 Nxf5 30. exf5 Qf6 31. Qf3 Kg7 32. Qxb7 Rxe1 33. Rxe1 Nd7 34. Qd5 cxb4 35. axb4 g4 36. hxg4 hxg4 37. c5 dxc5 38. bxc5 g3 39. fxg3 Qc3 40. f6+ Nxf6 41. Qg5+ Kf8 42. Re5 Qd4+ 43. Kh1 Ng8 44. c6 f6 45. Rf5 Qc3 46. Rc5 Qa1 47. Qf4 Rd1 48. Kg1 Ne7 49. c7 Nc8 50. Rf5 Ke7 51. Qe4+ Kd7 52. Kh2 Nd6 53. Qc2 Qc1 54. c8Q+ Nxc8 55. Rd5+ Rxd5 56. Qxc1 a5 57. Qf4 Rd6 58. Bb5+ Ke7 59. Qe3+ Kd8 60. g4 Kc7 61. Qc5+ Kd8 62. Ba4 Rb6 63. Qxa5 Ke7 64. Qc5+ Kd8 65. Bc2 Rb7 66. Bf5 Ne7 67. Qd6+ 1-0